000 00512nam a2200217Ia 4500
003 OSt
005 20220923225431.0
006 a|||||r|||| 00| 0
007 ta
008 220922b |||||||| |||| 00| 0 hin d
024 _a268,065
037 _cTextual
040 _aARTS
_cARTS
_bhin
041 _2hin
_ahin
082 _aQ127:24, 152L2
245 0 _aतपोभूमि
246 _aTapobhūmi
260 _c1972
942 _hQ127:24, 152L2
_cTEXL
_2CC
999 _c378274
_d378274